| 000 | 00739nam a22002177a 4500 | ||
|---|---|---|---|
| 005 | 20141107093637.0 | ||
| 008 | 130904b2010 ck |||||r|||| 00| 0 spa d | ||
| 020 | _a9789588370101 | ||
| 041 | _aspa | ||
| 044 | _ack | ||
| 082 | 0 | 0 |
_a333.9516 _bV52i |
| 245 | 0 |
_aIncentivos a la conservación / _bcompilado por Martha Yazmín Valencia Valencia, editado por Mónica Sofía Guevara Mejía |
|
| 260 |
_aPereira: _bCarder, _c2010 |
||
| 300 |
_a60 p. _c28 cm. |
||
| 650 | 4 |
_aConservación de biodiversidad _xIncentivos _928379 |
|
| 650 | 4 |
_aBiodiversidad _xuso sostenible _928380 |
|
| 662 | _aColombia | ||
| 700 | 1 |
_aValencia-Valencia, Martha Yazmín _eComp. _925629 |
|
| 700 | 1 |
_aGuevara-Mejía, Mónica Sofía _eEd. _928208 |
|
| 942 |
_cLIBRO _2ddc |
||
| 999 |
_c8748 _d8748 |
||